000
00327nam a22001337a 4500
008
180222b xxu||||| |||| 00| 0 eng d
020
_a
9780470534779
041
_a
eng
080
_a
330.722.6
100
_a
61
101
_a
KF
245
_a
Financial accounting tools for business decision making
_c
Kimmel
942
_2
udc
_c
BK
999
_c
43101
_d
43101